000 00291nam a22001217a 4500
020 _a9780198061816
082 _a664
_bBAL/FO
100 _aBali Parvinder, S
_9320
245 _aFood Production Operations
260 _aNew Delhi
_bOxford University Press
_c2013
300 _a588
942 _cBK
999 _c14246
_d14246